Vista normal
Vista MARC
Entrada Personal Name
Número de registros utilizados en: 1
001 - CONTROL NUMBER
- control field: 17342
003 - CONTROL NUMBER IDENTIFIER
- control field: DLC
005 - DATE AND TIME OF LATEST TRANSACTION
- control field: 20250717155857.0
008 - FIXED-LENGTH DATA ELEMENTS
- fixed length control field: 960914n| azannaabn |a aaa
010 ## - LIBRARY OF CONGRESS CONTROL NUMBER
- LC control number: n 96089554
035 ## - SYSTEM CONTROL NUMBER
- System control number: (OCoLC)oca04162190
040 ## - CATALOGING SOURCE
- Original cataloging agency: DLC
- Language of cataloging: spa
- Description conventions: rda
- Transcribing agency: Mx-PuUPA
- Modifying agency: NmU
- Modifying agency: OCoLC
- Modifying agency: UPB
- Modifying agency: Mx-PuUPA
046 ## - SPECIAL CODED DATES
- Birth date: 19420728
100 1# - HEADING--PERSONAL NAME
- Personal name: Campa Mendoza, Víctor,
- Dates associated with a name: 1942-
370 ## - ASSOCIATED PLACE
- Place of birth: Durango (Durango, México)
- Source of term: naf
374 ## - OCCUPATION
- Occupation: Autor
375 ## - GENDER
- Gender: hombre
377 ## - ASSOCIATED LANGUAGE
- Language code: spa
400 1# - SEE FROM TRACING--PERSONAL NAME
- Personal name: Mendoza, Víctor Campa
- Dates associated with a name: 1942-
670 ## - SOURCE DATA FOUND
- Source citation: His La problemática de las etnias en México, 1995:
- Information found: t.p. (Víctor Campa Mendoza)
670 ## - SOURCE DATA FOUND
- Source citation: La problemática de las etnias en México, 1998: p. xix (Víctor Campa Mendoza, b. July 28, 1942 in Durango [México])